000 00688nam a2200193Ii 4500
003 JO-AjNU
008 230605s9999||||xx |||||||||||||| ||und||
040 _aJO-AjNU
_bara
_erda
_cJO-AjNU
041 _aara
050 1 4 _aHG8745.M87 2016
100 3 _aمؤسسة ضمان الودائع,
_eauthor
_956955
245 0 0 _aضمان الودائع ضمان لمستقبل مدخراتك: التقرير السنوي 2016
264 3 1 _aعمان: مؤسسة ضمان الودائع، 2016
300 _a83ص
336 _atext
_btxt
_2rdacontent
337 _aunmediated
_bn
_2rdamedia
338 _avolume
_bnc
_2rdacarrier
650 4 _aبنوك- الاردن- تقارير سنوية
_956956
999 _aA25495
_c29063
_d29063